Cambodia : Technical Assistance Report-Government Finance Statistics.

As part of Cambodia's participation in the Japan-funded Government Finance Statistics (GFS) and Public Sector Debt Statistics (PSDS) project for selected Asian countries (JSA3),1 this mission conducted an in-country workshop (December 2-4, 2019) and provided follow-up technical assistance (TA)...

Täydet tiedot

Bibliografiset tiedot
Yhteisötekijä: International Monetary Fund. Statistics Dept
Aineistotyyppi: Aikakauslehti
Kieli:English
Julkaistu: Washington, D.C. : International Monetary Fund, 2020.
Sarja:IMF Staff Country Reports; Country Report ; No. 2020/290
Aiheet:
Linkit:Full text available on IMF
LEADER 01942cas a2200265 a 4500
001 AALejournalIMF021322
008 230101c9999 xx r poo 0 0eng d
020 |c 5.00 USD 
020 |z 9781513559889 
022 |a 1934-7685 
040 |a BD-DhAAL  |c BD-DhAAL 
110 2 |a International Monetary Fund.  |b Statistics Dept. 
245 1 0 |a Cambodia :   |b Technical Assistance Report-Government Finance Statistics. 
264 1 |a Washington, D.C. :  |b International Monetary Fund,  |c 2020. 
300 |a 1 online resource (50 pages) 
490 1 |a IMF Staff Country Reports 
500 |a <strong>Off-Campus Access:</strong> No User ID or Password Required 
500 |a <strong>On-Campus Access:</strong> No User ID or Password Required 
506 |a Electronic access restricted to authorized BRAC University faculty, staff and students 
520 3 |a As part of Cambodia's participation in the Japan-funded Government Finance Statistics (GFS) and Public Sector Debt Statistics (PSDS) project for selected Asian countries (JSA3),1 this mission conducted an in-country workshop (December 2-4, 2019) and provided follow-up technical assistance (TA) on GFS and PSDS (December 5-13, 2019).2 Both activities were aimed at strengthening compilation and dissemination of fiscal data in line the GFS Manual 2014 (GFSM 2014) and the PSDS: Guide (PSDSG) to support surveillance and decision making. At the request of the authorities, the TA mission participated in the inter-agency workshop on data consistency in macroeconomic statistics conducted by the Ministry of Economy and Finance (MEF) during December 5-6, 2019. 
538 |a Mode of access: Internet 
650 7 |a Computer Programs  |2 imf 
650 7 |a Data Collection and Data Estimation Methodology  |2 imf 
830 0 |a IMF Staff Country Reports; Country Report ;  |v No. 2020/290 
856 4 0 |z Full text available on IMF  |u http://elibrary.imf.org/view/journals/002/2020/290/002.2020.issue-290-en.xml  |z IMF e-Library